[Event "Championnat de France - Accession"]
[Site "Nimes"]
[Date "2009.08.11"]
[Round "1.28"]
[White "Rabineau, Clement"]
[Black "Valles, Manuel"]
[Result "0-1"]
[WhiteElo "2263"]
[BlackElo "2142"]
[PlyCount "78"]
[EventDate "2009.??.??"]

1. e4 c5 2. Nf3 Nc6 3. Nc3 e5 4. Bc4 d6 5. d3 Be7 6. Nd5 Nf6 7. c3 O-O 8. Nxf6+
Bxf6 9. Be3 Kh8 10. O-O Qe8 11. Re1 Be7 12. Bd5 f5 13. exf5 Bxf5 14. d4 cxd4
15. cxd4 Nb4 16. dxe5 dxe5 17. Qb3 Rd8 18. Bc4 b5 19. Bf1 Nc2 20. Bxb5 Qh5 21.
Nxe5 Nxa1 22. Rxa1 Bd6 23. f4 Bxe5 24. fxe5 Be4 25. Rf1 Qxe5 26. Bxa7 Bd5 27.
Qa3 Rxf1+ 28. Bxf1 Qe1 29. Qd3 Rf8 30. Bc5 Rf4 31. b3 h6 32. h3 Be4 33. Qe2 Qb1
34. Bf2 Rf5 35. Kh2 Rd5 36. Bg3 Rd1 37. Be5 Rxf1 38. Bxg7+ Kxg7 39. Qg4+ Bg6
0-1

[Event "Championnat de France - Accession"]
[Site "Nimes"]
[Date "2009.08.11"]
[Round "1.29"]
[White "Lacroix, Romain"]
[Black "Schabanel, Stephane"]
[Result "0-1"]
[WhiteElo "2141"]
[BlackElo "2259"]
[PlyCount "65"]
[EventDate "2009.??.??"]

1. e4 e6 2. d4 d5 3. Nd2 Be7 4. c3 c5 5. exd5 exd5 6. dxc5 Bxc5 7. Ngf3 Nf6 8.
Bb5+ Nc6 9. O-O O-O 10. Nb3 Bb6 11. Bg5 a6 12. Be2 Re8 13. Nfd4 h6 14. Bxf6
Qxf6 15. Bf3 Be6 16. Re1 Ne5 17. g3 Rad8 18. Bg2 Bg4 19. Qc2 h5 20. Kh1 h4 21.
f4 Nc6 22. Qd2 hxg3 23. hxg3 Qh6+ 24. Kg1 g6 25. Rxe8+ Rxe8 26. Re1 Rd8 27. Kf2
Qh5 28. Rh1 Qf5 29. Kf1 Qb1+ 30. Nc1 Nxd4 31. cxd4 Rc8 32. Kf2 Rc2 33. Ne2 0-1

[Event "Championnat de France - Accession"]
[Site "Nimes"]
[Date "2009.08.11"]
[Round "1.30"]
[White "Dubreuil, Julien"]
[Black "Serralta, Michel"]
[Result "1/2-1/2"]
[WhiteElo "2250"]
[BlackElo "2137"]
[PlyCount "173"]
[EventDate "2009.??.??"]

1. e4 c5 2. Nf3 Nc6 3. Bb5 d6 4. O-O Bd7 5. c3 Nf6 6. Re1 a6 7. Ba4 b5 8. Bc2
Bg4 9. h3 Bxf3 10. Qxf3 g6 11. a4 Rb8 12. axb5 axb5 13. d3 Bg7 14. Bg5 O-O 15.
Nd2 h6 16. Bh4 b4 17. Qe2 bxc3 18. bxc3 g5 19. Bg3 e5 20. Ra6 Rb6 21. Rxb6 Qxb6
22. Nc4 Qc7 23. Ne3 Qa5 24. Qd2 Qa2 25. h4 g4 26. Rb1 Rb8 27. Rxb8+ Nxb8 28.
Qd1 Qb2 29. Qb1 Qxb1+ 30. Bxb1 Nc6 31. Ba2 Ne7 32. Kf1 Kf8 33. Ke2 Nh5 34. Nxg4
Nf4+ 35. Bxf4 exf4 36. Kd2 Ng6 37. g3 h5 38. Nh2 Bh6 39. Kc2 Ne5 40. d4 cxd4
41. cxd4 fxg3 42. fxg3 Nc6 43. Kc3 Be3 44. d5 Ne5 45. Bb3 Bf2 46. Nf1 Be1+ 47.
Kc2 Bf2 48. Kd2 Kg7 49. Ke2 Bd4 50. Ba4 Kg6 51. Be8 Kf6 52. Nh2 Bg1 53. Nf1 Ng4
54. Nd2 Ne5 55. Bb5 Kg6 56. Ba6 Bd4 57. Bc8 Bb6 58. Nf1 Nc4 59. Bf5+ Kh6 60.
Nh2 Ne5 61. Kf1 Kg7 62. Kg2 Bd4 63. g4 hxg4 64. Bxg4 Kh6 65. Be2 Kg6 66. Kg3
Be3 67. Bg4 Bd2 68. Nf1 Be1+ 69. Kh3 Bf2 70. Be2 Nd7 71. Ng3 Ne5 72. Nf5 Bc5
73. Kg3 Bb4 74. Kf2 Bc5+ 75. Ke1 Nd7 76. Kd2 Ne5 77. Kc3 Kh7 78. Bh5 Kg8 79.
Kb3 Ng6 80. Bxg6 fxg6 81. Nh6+ Kg7 82. Ng4 Bb6 83. Kb4 Bd8 84. e5 dxe5 85. Nxe5
Bxh4 86. Kc5 Bf6 87. Nxg6 1/2-1/2

[Event "Championnat de France - Accession"]
[Site "Nimes"]
[Date "2009.08.11"]
[Round "1.31"]
[White "Migot, Tangi"]
[Black "Carpentier, Pierre"]
[Result "1/2-1/2"]
[WhiteElo "2114"]
[BlackElo "2247"]
[PlyCount "162"]
[EventDate "2009.??.??"]

1. e4 e6 2. d4 d5 3. Nc3 Bb4 4. e5 Ne7 5. a3 Bxc3+ 6. bxc3 c5 7. Nf3 Bd7 8. Bd3
Qa5 9. Bd2 c4 10. Be2 Nbc6 11. O-O f6 12. exf6 gxf6 13. Nh4 O-O-O 14. f4 Ng6
15. Nxg6 hxg6 16. Bf3 Rh7 17. Qe1 Rdh8 18. h3 Ne7 19. Bg4 Nf5 20. Bxf5 gxf5 21.
Rf3 Rg8 22. Rg3 Qd8 23. Be3 Rhg7 24. Rxg7 Rxg7 25. Qh4 Qg8 26. Qf2 Ba4 27. Kh2
Qh7 28. Re1 Rc7 29. Bc1 Rc6 30. Re2 Rb6 31. Qe3 Qf7 32. Kg1 Rb1 33. Kf2 Kc7 34.
Ke1 Ra1 35. Kd1 Kd6 36. Kd2 Ra2 37. Kd1 Qg8 38. Qf3 Qg6 39. Qf2 Qh5 40. Qf3 Qh7
41. Qg3 Be8 42. Kd2 Bh5 43. Re3 Be8 44. Re2 a6 45. Qe3 Qd7 46. Qf3 Bg6 47. Rf2
Qa4 48. Kd1 Qe8 49. Ke1 Qb5 50. Re2 Qb1 51. Qe3 Bf7 52. Kf2 Rxc2 53. Rxc2 Qxc2+
54. Bd2 Bh5 55. Kg3 Qd1 56. Kh4 Be2 57. Kg3 Bd3 58. Kf2 Qf1+ 59. Kg3 Be4 60.
Qf2 Qa1 61. Kh4 Qxa3 62. g4 Kd7 63. g5 Qf8 64. Kg3 Qf7 65. Qe2 a5 66. h4 Bd3
67. Qd1 b5 68. h5 Qg7 69. h6 Qg6 70. Kh4 fxg5+ 71. fxg5 f4 72. Bxf4 Qe4 73. Qg4
Be2 74. Qg3 Qg6 75. Qe3 Qh5+ 76. Kg3 Qg4+ 77. Kf2 Bd3 78. Qe5 Qh4+ 79. Bg3 Qe4
80. Qg7+ Ke8 81. Qg8+ Ke7 1/2-1/2

[Event "Championnat de France - Accession"]
[Site "Nimes"]
[Date "2009.08.11"]
[Round "1.32"]
[White "Lutz, Eric"]
[Black "Iwanesko, Alexandre"]
[Result "1-0"]
[WhiteElo "2245"]
[BlackElo "2101"]
[PlyCount "113"]
[EventDate "2009.??.??"]

1. d4 Nf6 2. c3 g6 3. Bg5 Bg7 4. Nd2 d6 5. e3 O-O 6. Bc4 Nbd7 7. Ne2 e5 8. O-O
h6 9. Bh4 Qe7 10. a4 c6 11. Qc2 Kh8 12. Rae1 g5 13. Bg3 Nh5 14. f4 d5 15. Ba2
gxf4 16. exf4 e4 17. c4 Nxg3 18. Nxg3 Bxd4+ 19. Kh1 f5 20. cxd5 cxd5 21. Bxd5
Nf6 22. Bc4 Qg7 23. Nb3 Bb6 24. a5 Bd8 25. Nd4 Ng4 26. Ne6 Bxe6 27. Bxe6 Bxa5
28. Nxf5 Qf6 29. Rxe4 Rae8 30. Nd4 Ne3 31. Rxe3 Qxd4 32. Qg6 Qf6 33. Qxf6+ Rxf6
34. f5 Bd2 35. Re2 Bb4 36. Rd1 a5 37. Rc2 b6 38. Rc7 Re7 39. Rc8+ Kh7 40. Rdd8
Rexe6 41. Rh8+ Kg7 42. Rcg8+ Kf7 43. fxe6+ Kxe6 44. Re8+ Kd5 45. h4 Kc4 46. Re2
Kb3 47. g4 Rf1+ 48. Kg2 Rf6 49. Rhe8 Bc5 50. R8e4 a4 51. g5 hxg5 52. hxg5 Rc6
53. Rg4 b5 54. Rg3+ Kb4 55. Rc2 Rd6 56. g6 Bd4 57. Rd2 1-0

[Event "Championnat de France - Accession"]
[Site "Nimes"]
[Date "2009.08.11"]
[Round "1.33"]
[White "Lamard, Guillaume"]
[Black "Maatoug, Redwan"]
[Result "1/2-1/2"]
[WhiteElo "2101"]
[BlackElo "2245"]
[PlyCount "99"]
[EventDate "2009.??.??"]

1. d4 d5 2. Nf3 c5 3. c4 cxd4 4. Qxd4 Nf6 5. cxd5 Qxd5 6. Nc3 Qxd4 7. Nxd4 a6
8. g3 e5 9. Nc2 Nc6 10. Bg2 Bf5 11. Ne3 Be6 12. Ned5 Nxd5 13. Nxd5 O-O-O 14.
Nb6+ Kc7 15. Be3 Nd4 16. Bxd4 Rxd4 17. e3 Bb4+ 18. Kf1 Rd2 19. Na4 Bc4+ 20. Kg1
Rhd8 21. Be4 Bb5 22. Rc1+ Kb8 23. Nb6 Ba5 24. Nc4 Bxc4 25. Rxc4 Rxb2 26. Rc2
Rd2 27. Rxb2 Rxb2 28. Kg2 Rxa2 29. Bd5 Rd2 30. Bxf7 Ka7 31. Rc1 Bb4 32. Bg8 h6
33. Rc7 g5 34. Bh7 Kb8 35. Rf7 Rd6 36. Be4 b5 37. h4 gxh4 38. gxh4 Bc3 39. h5
b4 40. Rb7+ Kc8 41. Ra7 Kb8 42. Rb7+ Kc8 43. Ra7 Rb6 44. Bd3 b3 45. Rxa6 Rxa6
46. Bxa6+ Kc7 47. Bd3 Kd6 48. f4 exf4 49. exf4 Kc5 50. Bg6 1/2-1/2

[Event "Championnat de France - Accession"]
[Site "Nimes"]
[Date "2009.08.11"]
[Round "1.34"]
[White "Ouakhir, Mehdi"]
[Black "Di Nicolantonio, Lucas"]
[Result "0-1"]
[WhiteElo "2237"]
[BlackElo "2100"]
[PlyCount "90"]
[EventDate "2009.??.??"]

1. d4 d5 2. c4 c6 3. Nc3 Nf6 4. e3 a6 5. Qc2 e6 6. Nf3 Nbd7 7. Bd3 dxc4 8. Bxc4
b5 9. Bd3 Bb7 10. O-O c5 11. Rd1 Qc7 12. Ne4 Rc8 13. a4 c4 14. Nxf6+ Nxf6 15.
Be2 Be4 16. Qd2 Nd5 17. Qe1 Bc2 18. axb5 Bxd1 19. b6 Qxb6 20. Qxd1 Bb4 21. Qa4+
Qb5 22. Qxa6 Qxa6 23. Rxa6 O-O 24. g4 Ra8 25. Bxc4 Rxa6 26. Bxa6 Ra8 27. Bf1
Ra1 28. Bd2 Rb1 29. Bxb4 Nxb4 30. Kg2 Rxb2 31. Kg3 Kf8 32. h4 Ke7 33. h5 h6 34.
Ne5 f6 35. Ng6+ Kd6 36. Nf4 Nd5 37. Ng6 Nc3 38. Kf3 e5 39. dxe5+ fxe5 40. Nh4
e4+ 41. Kg3 Nd1 42. Nf5+ Ke5 43. Nxg7 Rxf2 44. Bb5 Rf3+ 45. Kg2 Nxe3+ 0-1

[Event "Championnat de France - Accession"]
[Site "Nimes"]
[Date "2009.08.11"]
[Round "1.35"]
[White "Ber, Yves"]
[Black "Frederic, Clement"]
[Result "0-1"]
[WhiteElo "2040"]
[BlackElo "2235"]
[PlyCount "76"]
[EventDate "2009.??.??"]

1. d4 b6 2. Nf3 Bb7 3. g3 Bxf3 4. exf3 d5 5. Be3 e6 6. Bd3 Bd6 7. f4 Ne7 8. Nc3
a6 9. Qg4 g6 10. Qe2 c5 11. Qf3 Nbc6 12. dxc5 bxc5 13. Bd2 Qb6 14. Na4 Qb7 15.
c3 O-O 16. Bc2 e5 17. g4 f5 18. g5 e4 19. Qg3 Na5 20. h4 d4 21. O-O-O d3 22.
Bxd3 exd3 23. Qxd3 Qc6 24. h5 Rad8 25. Qe2 Rf7 26. hxg6 Nxg6 27. c4 Nxf4 28.
Bxf4 Bxf4+ 29. Kb1 Rfd7 30. Nc3 Rxd1+ 31. Rxd1 Re8 32. Qd3 Qe6 33. Nd5 Be5 34.
f4 Bd4 35. Nc7 Qb6 36. b3 Qxc7 37. Qxf5 Qf7 38. Qg4 Qe6 0-1

[Event "Championnat de France - Accession"]
[Site "Nimes"]
[Date "2009.08.11"]
[Round "1.36"]
[White "Ider, Borya"]
[Black "Thet, Sylvain"]
[Result "1-0"]
[WhiteElo "2234"]
[BlackElo "2031"]
[PlyCount "115"]
[EventDate "2009.??.??"]

1. d4 d5 2. Nf3 Nf6 3. c4 c6 4. e3 a6 5. Bd3 b5 6. b3 Bg4 7. Nbd2 e6 8. Qc2
Nbd7 9. O-O Be7 10. Bb2 Bh5 11. Ne5 Nxe5 12. dxe5 Nd7 13. Bd4 Bg6 14. Rfe1 Bxd3
15. Qxd3 dxc4 16. bxc4 O-O 17. Qe2 Ba3 18. Rad1 Qc7 19. Qd3 Be7 20. Nf3 Rfd8
21. Qe2 Nb6 22. c5 Nc4 23. Rc1 Qa7 24. Rxc4 bxc4 25. Qxc4 Rab8 26. Rc1 a5 27.
g3 Rb4 28. Qc2 Rdb8 29. Nd2 a4 30. Qe4 Qa6 31. a3 R4b7 32. Nc4 Rb3 33. Kg2 Qb5
34. Nd6 Qa6 35. Qf3 Rf8 36. Rc3 Rxc3 37. Bxc3 Qd3 38. Bb4 Qd5 39. Qxd5 exd5 40.
Nf5 Re8 41. f4 Kf8 42. Kf3 Rd8 43. Ke2 g5 44. Nd4 Rc8 45. f5 Ke8 46. Kf3 h5 47.
h3 Kd7 48. g4 Rh8 49. e6+ fxe6 50. fxe6+ Kc7 51. Nf5 Rf8 52. Kg2 Bf6 53. Ba5+
Kc8 54. gxh5 Bb2 55. Nd6+ Kb8 56. e7 Re8 57. Nxe8 Bxa3 58. Nd6 1-0

[Event "Championnat de France - Accession"]
[Site "Nimes"]
[Date "2009.08.11"]
[Round "1.37"]
[White "Lebreton, Flavien"]
[Black "Manoeuvre, Antoine"]
[Result "0-1"]
[WhiteElo "2012"]
[BlackElo "2232"]
[PlyCount "58"]
[EventDate "2009.??.??"]

1. d4 Nf6 2. c4 g6 3. Nc3 Bg7 4. e4 d6 5. Be2 O-O 6. Nf3 e5 7. O-O Na6 8. dxe5
dxe5 9. h3 c6 10. Be3 Qe7 11. Qc2 Nh5 12. Rad1 Nc5 13. b4 Ne6 14. c5 Nhf4 15.
b5 Ng5 16. bxc6 bxc6 17. Rd6 Bd7 18. Rfd1 Be8 19. Kh2 h5 20. g4 hxg4 21. hxg4
Bf6 22. Kg3 Kg7 23. Rh1 Bd7 24. Qd1 Rh8 25. Rxh8 Rxh8 26. Bf1 Be8 27. Na4 Rh1
28. Nh2 Qf8 29. Qf3 Rg1+ 0-1

[Event "Championnat de France - Accession"]
[Site "Nimes"]
[Date "2009.08.12"]
[Round "2.1"]
[White "Shirazi, Kamran"]
[Black "Le Goff, Damien"]
[Result "1/2-1/2"]
[WhiteElo "2384"]
[BlackElo "2270"]
[PlyCount "112"]

1. e4 e6 2. c4 d5 3. cxd5 exd5 4. exd5 Nf6 5. Bb5+ Nbd7 6. Nc3 Be7 7. d4 O-O 8.
Nf3 Nb6 9. h3 Bf5 10. O-O Nfxd5 11. Re1 Nxc3 12. bxc3 c6 13. Bf1 Bf6 14. a4 Qc7
15. a5 Nd7 16. g4 Be6 17. Ng5 Bd5 18. c4 h6 19. Ne4 Bxe4 20. Rxe4 c5 21. Bf4
Qc8 22. Bg2 cxd4 23. Rxd4 Nc5 24. Be3 Bxd4 25. Bxd4 Qc7 26. Ra3 Ne6 27. Bd5 Nf4
28. Be3 Nxd5 29. cxd5 Rfd8 30. Qd2 Rac8 31. Rd3 Qc2 32. Qxc2 Rxc2 33. Bxa7 f6
34. Kg2 Kf7 35. d6 Rb2 36. Bb6 Rxb6 37. axb6 Ke6 38. Re3+ Kxd6 39. Rc3 Ke6 40.
h4 Rd4 41. Kg3 g6 42. Rc7 Rd7 43. Rc8 Rd6 44. Rh8 h5 45. gxh5 gxh5 46. Rxh5
Rxb6 47. Rh7 Kf5 48. Rg7 Rb3+ 49. Kg2 Rb4 50. h5 Rh4 51. Rxb7 Rxh5 52. Rb5+ Kg6
53. Rxh5 Kxh5 54. Kf3 Kg5 55. Ke4 Kg4 56. f4 Kg3 1/2-1/2

[Event "Championnat de France - Accession"]
[Site "Nimes"]
[Date "2009.08.12"]
[Round "2.2"]
[White "Romieux, Sebastien"]
[Black "Benitah, Yohan"]
[Result "1/2-1/2"]
[WhiteElo "2284"]
[BlackElo "2383"]
[PlyCount "48"]

1. e4 e6 2. d4 d5 3. Nd2 Nf6 4. e5 Nfd7 5. Bd3 c5 6. c3 Nc6 7. Ne2 cxd4 8. cxd4
a5 9. Nf3 Nb6 10. h4 h6 11. Rh3 Bd7 12. a3 a4 13. Nf4 Qc7 14. Bd2 Nc4 15. Bxc4
dxc4 16. Qe2 Ne7 17. Rc1 f5 18. Bb4 Nd5 19. Nxd5 exd5 20. Bxf8 Rxf8 21. Rg3 Rg8
22. Qd2 Qa5 23. Qxa5 Rxa5 24. Kd2 Ke7 1/2-1/2

[Event "Championnat de France - Accession"]
[Site "Nimes"]
[Date "2009.08.12"]
[Round "2.3"]
[White "Lefebvre, Herve"]
[Black "Bailet, Pierre"]
[Result "1/2-1/2"]
[WhiteElo "2279"]
[BlackElo "2352"]
[PlyCount "71"]

1. e4 c5 2. Nf3 Nc6 3. d4 cxd4 4. Nxd4 Nf6 5. Nc3 e5 6. Ndb5 d6 7. Bg5 a6 8.
Na3 b5 9. Bxf6 gxf6 10. Nd5 f5 11. c3 Bg7 12. Bd3 Be6 13. Nxb5 axb5 14. Bxb5
Bd7 15. exf5 Nb8 16. a4 Bxb5 17. axb5 Rxa1 18. Qxa1 O-O 19. Qa3 Kh8 20. O-O Qg5
21. Qxd6 Qxf5 22. Ne3 Qc8 23. Ra1 f5 24. Ra7 f4 25. Rc7 Qe8 26. Nd5 Qh5 27. f3
Qh4 28. Kf1 Qxh2 29. Qe7 Rg8 30. c4 e4 31. Qxe4 Qh1+ 32. Kf2 Bxb2 33. Nxf4 Rd8
34. Nd5 Rg8 35. Nf4 Rd8 36. Nd5 1/2-1/2

[Event "Championnat de France - Accession"]
[Site "Nimes"]
[Date "2009.08.12"]
[Round "2.4"]
[White "Lagarde, Maxime"]
[Black "Lutz, Eric"]
[Result "1-0"]
[WhiteElo "2352"]
[BlackElo "2245"]
[Annotator "Rivier,Sylvain"]
[PlyCount "39"]

1. e4 c5 2. Nf3 e6 3. d4 cxd4 4. Nxd4 Nf6 5. Nc3 Qb6 6. Nb3 Bb4 7. Bd3 d5 8.
exd5 Nxd5 9. Bd2 Nxc3 10. bxc3 Be7 11. O-O Bd7 12. Rb1 Qc7 13. Qh5 Nc6 14. Rfe1
Bf6 15. Nc5 Nd8 16. Ne4 Be7 17. Qg4 g6 18. Qf3 f5 19. Ng3 O-O 20. Qf4 {suite
illisible} 1-0

[Event "Championnat de France - Accession"]
[Site "Nimes"]
[Date "2009.08.12"]
[Round "2.5"]
[White "Mancini, Mario"]
[Black "Boudre, Jean-Pierre"]
[Result "1/2-1/2"]
[WhiteElo "2269"]
[BlackElo "2337"]
[PlyCount "75"]

1. d4 d5 2. Nf3 Nf6 3. Bf4 Bg4 4. e3 c6 5. c4 Bxf3 6. gxf3 Nbd7 7. h3 dxc4 8.
Bxc4 e6 9. Nc3 Be7 10. Qb3 Qb6 11. O-O O-O 12. Rfd1 Rfd8 13. e4 Qxb3 14. Bxb3
Rac8 15. Rd2 a6 16. Rad1 b5 17. Be3 Kf8 18. Kg2 Ke8 19. d5 exd5 20. exd5 Bb4
21. dxc6 Rxc6 22. Bg5 Bxc3 23. bxc3 Rdc8 24. Rd6 h6 25. Be3 Ke7 26. Rxc6 Rxc6
27. Bd4 Nh5 28. Re1+ Kf8 29. h4 Nc5 30. Bc2 Nf4+ 31. Kg3 Nfe6 32. Be3 Nd7 33.
Bd2 Nf6 34. Bb3 Nc5 35. Bc2 Ne6 36. Bb3 Nc5 37. Bc2 Ne6 38. Bb3 1/2-1/2

[Event "Championnat de France - Accession"]
[Site "Nimes"]
[Date "2009.08.12"]
[Round "2.6"]
[White "Schabanel, Stephane"]
[Black "Crut, Aurelien"]
[Result "1/2-1/2"]
[WhiteElo "2259"]
[BlackElo "2335"]
[Annotator "Rivier,Sylvain"]
[PlyCount "66"]

1. d4 d5 2. c4 e6 3. Nc3 c6 4. Nf3 dxc4 5. a4 Bb4 6. e3 b5 7. Bd2 a5 8. Rb1 Bd7
9. Ne5 Nf6 10. Qf3 Ra7 11. Be2 O-O 12. O-O bxa4 13. Bxc4 c5 14. Rfd1 cxd4 15.
exd4 Qc8 16. Bg5 Bc6 17. Nxc6 Qxc6 18. Bxf6 Qxf3 19. gxf3 gxf6 20. Nxa4 Nc6 21.
Rd3 Rc7 22. b3 Rd8 23. Rbd1 Rcd7 24. Kg2 Rxd4 25. Nb2 Kf8 26. f4 Ke7 27. Rxd4
Nxd4 28. Rd3 h5 29. Kf1 h4 30. h3 f5 31. Nd1 f6 32. Ne3 Bc5 33. Rd2 Rb8 {suite
illisible} 1/2-1/2

[Event "Championnat de France - Accession"]
[Site "Nimes"]
[Date "2009.08.12"]
[Round "2.7"]
[White "Rouler, Charly"]
[Black "Ider, Borya"]
[Result "0-1"]
[WhiteElo "2335"]
[BlackElo "2234"]
[PlyCount "76"]

1. d4 e6 2. c4 Nf6 3. Nc3 Bb4 4. Qc2 O-O 5. a3 Bxc3+ 6. Qxc3 b6 7. Bg5 Bb7 8.
f3 h6 9. Bh4 d5 10. e3 Nbd7 11. cxd5 Nxd5 12. Bxd8 Nxc3 13. Bh4 Nd5 14. Bf2
Rfd8 15. Rc1 Rac8 16. e4 Ne7 17. Bb5 a6 18. Ba4 f5 19. exf5 exf5 20. Ne2 Nf6
21. Bg3 Ned5 22. Kf2 Kh8 23. Rhd1 b5 24. Bb3 Rd7 25. Be5 Rf8 26. Rc5 Kh7 27.
Ng3 g6 28. Ne2 Re8 29. Nc1 Rde7 30. Nd3 Rd8 31. Nb4 Rdd7 32. Nc6 Re8 33. Rdc1
Ba8 34. a4 bxa4 35. Bxa4 Nb6 36. Bb3 Nfd5 37. Ra1 Bb7 38. Kg3 f4+ 0-1

[Event "Championnat de France - Accession"]
[Site "Nimes"]
[Date "2009.08.12"]
[Round "2.8"]
[White "Frederic, Clement"]
[Black "Debray, Christopher"]
[Result "0-1"]
[WhiteElo "2235"]
[BlackElo "2328"]
[PlyCount "82"]

1. e4 c5 2. Nf3 e6 3. d4 cxd4 4. Nxd4 Nc6 5. Nc3 Nf6 6. Ndb5 d6 7. Bf4 e5 8.
Bg5 a6 9. Na3 b5 10. Nd5 Be7 11. Bxf6 Bxf6 12. c3 O-O 13. g3 Bg5 14. Bg2 Ne7
15. Nc2 Nxd5 16. Qxd5 Be6 17. Qd1 a5 18. O-O Qb6 19. Re1 b4 20. cxb4 axb4 21.
Ne3 Rxa2 22. Rxa2 Bxa2 23. b3 Qd4 24. Qc1 Qc3 25. Qxc3 bxc3 26. Rc1 Rc8 27. Bh3
Rc7 28. b4 Bb3 29. b5 c2 30. Kf1 Bxe3 31. fxe3 Rb7 32. Ke2 Rxb5 33. Kd2 d5 34.
Bg2 g6 35. exd5 Bxd5 36. Bf1 Rb1 37. Kxc2 Be4+ 38. Kd1 Rb2 39. h3 Rf2 40. Be2
Bf3 41. Bxf3 Rxf3 0-1

[Event "Championnat de France - Accession"]
[Site "Nimes"]
[Date "2009.08.12"]
[Round "2.9"]
[White "Song, Julien"]
[Black "Bonn, Thomas"]
[Result "0-1"]
[WhiteElo "2319"]
[BlackElo "2225"]
[PlyCount "116"]

1. d4 Nf6 2. c4 e6 3. Nf3 c5 4. d5 b5 5. Bg5 exd5 6. cxd5 d6 7. e3 a6 8. a4 b4
9. Bd3 Be7 10. Qb3 Bb7 11. Bxf6 Bxf6 12. Nbd2 O-O 13. e4 a5 14. O-O Nd7 15.
Rad1 Qe7 16. Qc2 h6 17. Kh1 g5 18. Nc4 g4 19. Nfd2 Ne5 20. Nxe5 Bxe5 21. Nc4
Bf4 22. Qe2 h5 23. Rde1 f6 24. g3 Be5 25. Ne3 Bc8 26. f4 Bd4 27. Ng2 Bd7 28. b3
Bc3 29. Rd1 f5 30. Nh4 Rf6 31. e5 dxe5 32. fxe5 Qxe5 33. Qxe5 Bxe5 34. Nxf5
Raf8 35. Ne3 Bd4 36. Nc4 h4 37. gxh4 Rh6 38. Rxf8+ Kxf8 39. Rf1+ Kg7 40. Bf5
Rf6 41. Bd3 Rh6 42. Kg2 Rxh4 43. Re1 Kf7 44. Rf1+ Kg7 45. Bf5 Be8 46. Rf4 Bh5
47. d6 Bf6 48. d7 Bf7 49. Bxg4 Bd5+ 50. Kg3 Rh8 51. Bf3 Be6 52. Bc6 Rh3+ 53.
Kg2 Rd3 54. Nxa5 Bg5 55. Re4 Bf5 56. Re8 Bh3+ 57. Kf2 Bg4 58. d8=Q Bxd8 0-1

[Event "Championnat de France - Accession"]
[Site "Nimes"]
[Date "2009.08.12"]
[Round "2.10"]
[White "Manoeuvre, Antoine"]
[Black "Jablonski, Noham"]
[Result "0-1"]
[WhiteElo "2232"]
[BlackElo "2305"]
[PlyCount "86"]

1. d4 Nf6 2. c4 e6 3. Nc3 Bb4 4. Qc2 b6 5. Bg5 Bb7 6. f3 d5 7. a3 Be7 8. e3 O-O
9. Nh3 c5 10. dxc5 bxc5 11. Bd3 h6 12. Bh4 Nc6 13. Bf2 Ne5 14. cxd5 exd5 15.
Be2 d4 16. O-O-O Nc6 17. Kb1 Rc8 18. Qa4 Nd7 19. Nd5 Nb6 20. Nxb6 Qxb6 21. Nf4
Rfd8 22. exd4 Nxd4 23. Bxd4 cxd4 24. Bd3 Rb8 25. Rd2 Bc6 26. Qa6 Qxa6 27. Bxa6
Bxa3 28. Rc1 Rb6 29. Bc4 Be7 30. Ne2 Bg5 31. f4 Bf6 32. g3 Bf3 33. Rf1 Be4+ 34.
Ka2 Rc8 35. Rc1 Rd8 36. b3 a5 37. Rcd1 a4 38. Nxd4 axb3+ 39. Bxb3 Ra8+ 40. Kb2
Rab8 41. Kc1 Rxb3 42. Nxb3 Rxb3 43. Rd6 Bc3 0-1

[Event "Championnat de France - Accession"]
[Site "Nimes"]
[Date "2009.08.12"]
[Round "2.11"]
[White "Bissieres, Matthieu"]
[Black "Platel, Alexandre"]
[Result "1/2-1/2"]
[WhiteElo "2300"]
[BlackElo "2206"]
[PlyCount "57"]

1. e4 c5 2. Nf3 d6 3. d4 cxd4 4. Nxd4 Nf6 5. Nc3 a6 6. Bg5 e6 7. f4 Be7 8. Qf3
O-O 9. O-O-O Nbd7 10. g4 Qc7 11. Bd3 b5 12. Bxf6 Bxf6 13. Nce2 Bb7 14. g5 Be7
15. h4 Nc5 16. f5 e5 17. Nb3 Rfc8 18. Kb1 f6 19. Rhg1 Rd8 20. Nc3 Na4 21. Nd5
Bxd5 22. exd5 Nc5 23. Nxc5 Qxc5 24. h5 fxg5 25. h6 Bf6 26. Be4 Ra7 27. Qh5 Qe3
28. Rg4 Rf8 29. Bd3 1/2-1/2

[Event "Championnat de France - Accession"]
[Site "Nimes"]
[Date "2009.08.12"]
[Round "2.12"]
[White "Buscara, Sevan"]
[Black "Moussard, Jules"]
[Result "0-1"]
[WhiteElo "2225"]
[BlackElo "2292"]
[PlyCount "80"]

1. d4 g6 2. e4 Bg7 3. Nc3 d6 4. Be3 Nd7 5. f4 a6 6. Nf3 b5 7. Bd3 Bb7 8. O-O
Ngf6 9. e5 Ng4 10. Bd2 O-O 11. Ng5 Nh6 12. a4 c5 13. e6 cxd4 14. exf7+ Nxf7 15.
Ne6 Qb6 16. Ne2 Nc5 17. Nxf8 Qc6 18. Rf2 Rxf8 19. axb5 axb5 20. Ng3 e5 21. Qe2
e4 22. Bxb5 Qc8 23. Rff1 d3 24. cxd3 exd3 25. Qf2 Ng5 26. Be3 Nge4 27. Nxe4
Nxe4 28. Qh4 Bxb2 29. Ra7 g5 30. Qh5 gxf4 31. Bb6 Be5 32. Bxd3 Nf6 33. Qg5+ Kh8
34. Ba6 Qc6 35. Rxb7 Rg8 36. Qxg8+ Nxg8 37. Rb1 d5 38. Ra7 Qg6 39. Rb5 f3 40.
g3 Qc2 0-1

[Event "Championnat de France - Accession"]
[Site "Nimes"]
[Date "2009.08.12"]
[Round "2.13"]
[White "Maleki, Nicolas"]
[Black "Saada, Julien"]
[Result "1/2-1/2"]
[WhiteElo "2165"]
[BlackElo "2289"]
[PlyCount "81"]

1. d4 d5 2. c4 e6 3. Nc3 Nf6 4. Nf3 Nbd7 5. Bf4 a6 6. e3 Be7 7. Rc1 O-O 8. cxd5
exd5 9. Bd3 c6 10. h3 Re8 11. O-O Nf8 12. Bh2 Ng6 13. Ne5 Nxe5 14. dxe5 Nd7 15.
Nxd5 Nxe5 16. Nxe7+ Qxe7 17. Bb1 Ng6 18. Qh5 Be6 19. e4 f6 20. f4 Bf7 21. Qg4
Qb4 22. b3 Rad8 23. Rfd1 Qb6+ 24. Kh1 Qa5 25. Qe2 Nf8 26. e5 Rxd1+ 27. Rxd1 Bd5
28. Qh5 g6 29. Qh4 f5 30. Bg1 Ne6 31. Qf2 Qc3 32. Kh2 h5 33. Qg3 Qxg3+ 34. Kxg3
h4+ 35. Kxh4 Nxf4 36. Kg5 Nxg2 37. Kxg6 Rxe5 38. Kf6 Re2 39. Kxf5 Re7 40. Bc5
Rf7+ 41. Ke5 1/2-1/2

[Event "Championnat de France - Accession"]
[Site "Nimes"]
[Date "2009.08.12"]
[Round "2.14"]
[White "Van Elst, Andreas"]
[Black "Ozenne, Corentin"]
[Result "1-0"]
[WhiteElo "2288"]
[BlackElo "1996"]
[PlyCount "49"]

1. d4 Nf6 2. c4 c5 3. d5 e6 4. Nc3 exd5 5. cxd5 d6 6. Nf3 g6 7. Nd2 Bg7 8. Nc4
O-O 9. Bf4 Ne8 10. e3 a6 11. a4 Qe7 12. Nb6 Nd7 13. Nxc8 b6 14. a5 bxa5 15. Qb3
f5 16. h4 h6 17. Be2 g5 18. hxg5 hxg5 19. Bg3 f4 20. exf4 gxf4 21. Bh4 Bf6 22.
Bxf6 Nexf6 23. Nb6 Ne5 24. Nc8 Raxc8 25. Kf1 1-0

[Event "Championnat de France - Accession"]
[Site "Nimes"]
[Date "2009.08.12"]
[Round "2.15"]
[White "Valles, Manuel"]
[Black "Meynard, Thibault"]
[Result "1-0"]
[WhiteElo "2142"]
[BlackElo "2288"]
[PlyCount "97"]

1. e4 c5 2. Nf3 Nc6 3. d4 cxd4 4. Nxd4 Nf6 5. Nc3 e5 6. Ndb5 d6 7. Bg5 a6 8.
Na3 b5 9. Nd5 Qa5+ 10. Bd2 Qd8 11. Bg5 Be7 12. Bxf6 Bxf6 13. c3 O-O 14. Nc2 Bg5
15. a4 bxa4 16. Rxa4 a5 17. Bc4 Rb8 18. b3 Kh8 19. O-O f5 20. exf5 Bxf5 21. Qe2
Qe8 22. Nce3 Bd7 23. Ra2 e4 24. Bb5 Bd8 25. Ba4 Qg6 26. Kh1 Rf7 27. Qa6 Ne5 28.
Nc4 Nxc4 29. Qxc4 Rc8 30. Qd4 Qf5 31. Bxd7 Rxd7 32. Re1 e3 33. Nxe3 Qf7 34. Nd5
h6 35. Rae2 Bf6 36. Nxf6 Qxf6 37. Re8+ Rxe8 38. Rxe8+ Kh7 39. Qe4+ g6 40. h4
Kg7 41. Re6 Qf7 42. h5 gxh5 43. Qe3 Kf8 44. Qxh6+ Qg7 45. Qf4+ Rf7 46. Qxd6+
Kg8 47. Rg6 Rxf2 48. Rxg7+ Kxg7 49. Qg3+ 1-0